Διάγνωση βλαβών μηχανολογικού εξοπλισμού μεγάλης κλίμακας με χρήση μεθόδων εξόρυξης δεδομένων : πτυχιακή εργασία

Στην παρούσα διπλωματική εργασία, πλήθος αντιπροσωπευτικών ταξινομητών της κατηγορίας των αλγορίθμων επιτηρούμενης μάθησης χρησιμοποιούνται στο σημαντικό και μη τετριμμένο πρόβλημα διάγνωσης βλαβών ενός, μεγάλης κλίμακας και αξίας, μηχανολογικού εξοπλισμού. Η διάγνωση της κατάστασης της μηχανής με μ...

Πλήρης περιγραφή

Αποθηκεύτηκε σε:
Λεπτομέρειες βιβλιογραφικής εγγραφής
Κύριος συγγραφέας: Παντελίδης, Παναγιώτης-Πρόδρομος
Συγγραφή απο Οργανισμό/Αρχή: Πανεπιστήμιο Αιγαίου. Σχολή Θετικών Επιστημών. Τμήμα Μηχανικών Πληροφοριακών και Επικοινωνιακών Συστημάτων
Μορφή: Thesis Βιβλίο
Γλώσσα:Greek
Δημοσίευση: 2008.
Θέματα:
Διαθέσιμο Online:http://hdl.handle.net/11610/8915
Ετικέτες: Προσθήκη ετικέτας
Δεν υπάρχουν, Καταχωρήστε ετικέτα πρώτοι!

MARC

LEADER 00000cam a2200000 i 4500
001 1/95352
008 081014s2008 gr | ||| |||| ||gre||
035 |l 10100857 
040 |a GR-MyUA  |b gre  |e AACR2 
041 0 |a gre 
082 0 |a 006.312   |2 (22)  
100 1 |a Παντελίδης, Παναγιώτης-Πρόδρομος. 
245 1 0 |a Διάγνωση βλαβών μηχανολογικού εξοπλισμού μεγάλης κλίμακας με χρήση μεθόδων εξόρυξης δεδομένων :   |b πτυχιακή εργασία /   |c του Παναγιώτη-Πρόδρομου Παντελίδη ; επιβλέπων καθηγητής, Λουκής Ευριπίδης.  
260 |c 2008.  
300 |a xi, 136 σ. :   |b εγχρ. εικ., πιν. ;   |c 30 εκ.  
500 |a Μέλη της εξεταστικής επιτροπής: Ευριπίδης Λουκής, Εμμανουήλ Μαραγκουδάκης, Ιωάννης Αναγνωστόπουλος.  
502 |a Πτυχιακή εργασία – Πανεπιστήμιο Αιγαίου, Σάμος, 2008. 
504 |a Βιβλιογραφία: σ. 96-102.  
506 1 |a Διάθεση πλήρους κειμένου ;   |d Ενδοπανεπιστημιακή δημοσίευση.  
520 |a Στην παρούσα διπλωματική εργασία, πλήθος αντιπροσωπευτικών ταξινομητών της κατηγορίας των αλγορίθμων επιτηρούμενης μάθησης χρησιμοποιούνται στο σημαντικό και μη τετριμμένο πρόβλημα διάγνωσης βλαβών ενός, μεγάλης κλίμακας και αξίας, μηχανολογικού εξοπλισμού. Η διάγνωση της κατάστασης της μηχανής με μεθόδους εξόρυξης δεδομένων αντιμετωπίζεται ως ένα πρόβλημα αναγνώρισης προτύπων, βασισμένο σε μετρήσεις και επιλογή χαρακτηριστικών που προήλθαν από δώδεκα (12) διαφορετικά μετρητικά όργανα. Συγκεκριμένα εξετάζεται η διαγνωστική αποτελεσματικότητα των Νευρωνικών Δικτύων (MLP,RBF), της κατηγοριοποίησης κατά Bayes (Nave Bayes, Bayesian Nets), των Δέντρων Απόφασης (C4.5, Random Forests), των k-Πλησιέστερων Γειτόνων (k-NN) και των Μηχανών Διανυσμάτων Υποστήριξης (SVMs), χρησιμοποιώντας το λογισμικό μηχανικής μάθησης WEKA. Ιδιαίτερη έμφαση δίνεται στην μέγιστη δυνατή μείωση του αριθμού των μετρητικών οργάνων ώστε μαζί με τον αποτελεσματικότερο ταξινομητή να μας προμηθεύσουν την βάση για την δημιουργία ενός υψηλής επίδοσης αυτόματου διαγνωστικού συστήματος. Τα συμπεράσματα τα οποία προκύπτουν είναι γενικότερου ενδιαφέροντος.Τα πιθανά οφέλη της προαναφερθείσης έρευνας έχουν αναγνωρισθεί από δυο σημαντικά διεθνή συνέδρια, το 18ο Πανευρωπαϊκό Συνέδριο Τεχνητής Νοημοσύνης (ECCAI 2008) και το 19ο Διεθνές Συνέδριο Μηχανικής Συστημάτων (ICSENG 2008). 
520 |a In this final diploma thesis, a vast majority of representative machine learning supervised classifiers are used in a critical and at the same time non platitudinous problem concerning the diagnosis of Gas Turbine blading faults, portraying promising results. Machines status classification using Data Mining techniques is treated as a Pattern Recognition problem, based on measurements (acquired from twelve (12) different instruments) and feature selection. To be more specific, using the open-source workbench WEKA, the diagnostic capabilities of Neural Networks (MLP, RBF), Bayesian Classifiers (Nave Bayes, Bayesian Nets), Decision Trees (C4.5, Random Forests), k-Nearest Neighbors (k-NN) and Support Vector Machines (SVMs) were examined and analyzed. Emphasis is given on the selection of the least possible number of appropriate measuring instruments, in order to provide the basis of a high performance automated diagnostic system. The conclusions derived are of more general interest and applicability. The potential benefits of the aforementioned research were acknowledged by two important international conferences in the areas of Artificial Intelligence and Systems Engineering. More specifically, the results were published in the 18th European Conference on Artificial Intelligence (ECAI 2008) and the 19th International Conference on Systems Engineering (ICSENG 2008). 
540 |a Κλειδωμένη η δυνατότητα αντιγραφής (copy) του κειμένου.  
610 2 0 |a University of the Aegean  |x Dissertations. 
650 0 0 |a Data mining. 
650 0 0 |a Machine learning. 
650 0 0 |a Neural networks (Computer science) 
650 0 0 |a Dissertations, Academic  |z Greece. 
700 1 |a Λουκής, Ευριπίδης Ν.  |e dgs 
710 2 |a Πανεπιστήμιο Αιγαίου.   |b Σχολή Θετικών Επιστημών.   |b Τμήμα Μηχανικών Πληροφοριακών και Επικοινωνιακών Συστημάτων. 
852 |a INST  |b SAMOS  |c DIATR  |e 20081014  |h 006.312 ΠΑΝ  |p 005300029860  |q 005300029860  |t DIE  |y 23 
852 |a INST  |b SAMOS  |c DIATR  |e 20081014  |h 006.312 ΠΑΝ  |p 005300029861  |q 005300029861  |t DIE  |y 23 
856 |u http://hdl.handle.net/11610/8915 
901 |a BIBL3-2008-3 
909 |a Σ  |b 134893 
909 |a Σ  |b 134894 
924 |a ΠΑΝΤΕΛΙΔΗΣ  |b ΠΑΝΑΓΙΩΤΗΣ-ΠΡΟΔΡΟΜΟΣ  |y Σάμος  |z 2008-08 
970 |a ΚΟΣΙΕΡΗΣ  |b ΧΡΗΣΤΟΣ  |z 2008/10/14